Рекомендации по использованию словарей, терминологических и других пособий при переводе геологической литературы с английского и французского языка

Bibliografiska uppgifter
Institutionell upphovsman: Всесоюзный научно-исследовательский институт экономики минерального сырья и геологоразведочных работ (ВИЭМС)
Övriga upphovsmän: Титова Н. А. (составитель)
Språk:ryska
Publicerad: Москва, Изд-во ОНТИ ВИЭМС, 1967
Ämnen:
Materialtyp: MixedMaterials Bok
KOHA link:https://koha.lib.tpu.ru/cgi-bin/koha/opac-detail.pl?biblionumber=23389

MARC

LEADER 00000nam0a2200000 4500
001 23389
005 20231030195518.0
035 |a (RuTPU)RU\TPU\book\23608 
035 |a BOOK00023681 
090 |a 23389 
100 |a 20011209d1967 km y0rusy50 ca 
101 0 |a rus 
102 |a RU 
105 |a y j 000zy 
200 1 |a Рекомендации по использованию словарей, терминологических и других пособий при переводе геологической литературы с английского и французского языка  |f ОНТИ ВИЭМС; сост. Н. А. Титова 
210 |a Москва  |c Изд-во ОНТИ ВИЭМС  |d 1967 
215 |a 49 с. 
610 1 |a французский язык 
610 1 |a английский язык 
610 1 |a словари 
610 1 |a переводы 
610 1 |a методика 
610 1 |a терминологические словари 
610 1 |a геология 
610 1 |a геологическая литература 
686 |a Ш147.11-923.7  |v LBC/SL-A  |2 rubbk 
686 |a Ш12-9  |v LBC/SL-A  |2 rubbk 
686 |a Ш143.21-923.7  |v LBC/SL-A  |2 rubbk 
702 1 |a Титова  |b Н. А.  |4 220 
712 0 2 |a Всесоюзный научно-исследовательский институт экономики минерального сырья и геологоразведочных работ (ВИЭМС)  |2 stltpush  |3 (RuTPU)RU\TPU\col\8802 
801 0 |a RU  |b 63413507  |c 20011209  |g PSBO 
801 2 |a RU  |b 63413507  |c 20101130  |g PSBO 
942 |c BK